|
|
|
|
| LEADER |
02311nam a22004217i 4500 |
| 001 |
39906 |
| 003 |
BD-DhAAL |
| 005 |
20221030153914.0 |
| 008 |
221030t20182018caua 001 0 eng d |
| 999 |
|
|
|c 44885
|d 44885
|
| 010 |
|
|
|a 2018418392
|
| 020 |
|
|
|a 1492025798
|
| 020 |
|
|
|a 9781492025795
|
| 035 |
|
|
|a (OCoLC)on1004904082
|
| 040 |
|
|
|a YDX
|b eng
|e rda
|c YDX
|d JRZ
|d BDX
|d CLE
|d OCLCF
|d UPM
|d DLC
|d BD-DhAAL
|
| 042 |
|
|
|a lccopycat
|
| 050 |
0 |
0 |
|a QA76.73.J38
|b E927 2018
|
| 082 |
0 |
4 |
|a 005.133
|2 23
|
| 100 |
1 |
|
|a Evans, Benjamin J.,
|e author.
|9 52055
|
| 245 |
1 |
0 |
|a Optimizing Java :
|b practical techniques for improving JVM application performance /
|c Benjamin J. Evans, James Gough, and Chris Newland.
|
| 250 |
|
|
|a First edition.
|
| 264 |
|
1 |
|a Sebastopol, California :
|b O'Reilly Media,
|c 2018.
|
| 264 |
|
4 |
|c ©2018
|
| 300 |
|
|
|a xx, 415 pages :
|b color illustrations ;
|c 24 cm.
|
| 500 |
|
|
|a Includes index.
|
| 505 |
0 |
|
|a Optimization and performance defined -- Overview of the JVM -- Hardware and operating systems -- Performance testing patterns and antipatterns -- Microbenchmarking and statistics -- Understanding garbage collection -- Advanced garbage collection -- GC logging, monitoring, tuning, and tools -- Code execution on the JVM -- Understanding JIT compilation -- Java language performance techniques -- Concurrent performance techniques -- Profiling -- High-performance logging and messaging -- Java 9 and the future.
|
| 541 |
|
|
|a Karim International
|e 39906, 39907
|
| 650 |
|
0 |
|a Java (Computer program language).
|9 52056
|
| 650 |
|
0 |
|a Computer programming.
|9 52057
|
| 650 |
|
0 |
|a Computer science.
|9 52058
|
| 650 |
|
7 |
|a Computer programming.
|2 fast
|9 52057
|
| 650 |
|
7 |
|a Java (Computer program language).
|2 fast
|9 52056
|
| 700 |
1 |
|
|a Gough, James,
|e author.
|9 52059
|
| 700 |
1 |
|
|a Newland, Chris,
|e author.
|9 52060
|
| 852 |
|
|
|a Ayesha Abed Library
|c General Stacks
|
| 942 |
|
|
|2 ddc
|c BK
|
| 952 |
|
|
|0 0
|1 0
|2 ddc
|4 0
|6 005_133000000000000_EVA
|7 0
|9 72141
|a BRACUL
|b BRACUL
|c GEN
|d 2022-10-20
|e Karim International
|g 6240.00
|l 1
|m 26
|o 005.133 EVA
|p 3010039907
|r 2024-10-21
|s 2023-10-10
|t 2
|v 6240.00
|w 2022-10-20
|y BK
|
| 952 |
|
|
|0 0
|1 0
|2 ddc
|4 0
|6 005_133000000000000_EVA
|7 0
|9 72142
|a BRACUL
|b BRACUL
|c GEN
|d 2022-10-20
|e Karim International
|g 6240.00
|l 1
|m 5
|o 005.133 EVA
|p 3010039906
|r 2025-09-04
|s 2025-07-30
|t 1
|v 6240.00
|w 2022-10-20
|y BK
|